00704 a2200157 4500003000500000005001700005040000900022082001800031100002000049245004300069260003900112300002600151505031500177600002000492650003400512Nust20221201131509.0 cNust a621.38152,JON aJonscher ,A. K. aSolid semiconductors /cA. K. Jonscher aNew YorkbDover Publicationsc1965 ax, 91 pbillusc19 cm a The Electronic Structure of Solids (Page-1), The Imperfect Solid (Page-21), Transport of Carriers in Electronic and Magnetic (Page-41), Carrier Injection and p-n Junctions (Page-49), Surface and Contact Phenomena (Page-65), Optical Properties of Semiconductors (Page-75), Materials and Technology (Page-84).  aJonscher ,A. K. aTelecommunication Engineering